Statistics for Countries, US States, Capitals, Elements, 100 Most Common Words: Highest average letter value (A=1, B=2... Z=26)

Click here to take the quiz!

General Stats

  • This quiz has been taken 84 times
  • The average score is 15 of 36

Answer Stats

Rank#AvgAnswer% Correct
102Q+To
86%
273P+{}N{ot}
73%
13T+{Y}o{u}
71%
63R+{}O{ut}
66%
142QSo
66%
72R+Up
64%
22TUs
63%
34S+{Y}o{ur}
63%
232P+Or
61%
93R{}O{ur}
61%
43S+{Tw}o{}
58%
52SMy
56%
2110P+{Kyrgyzst}a{n}
53%
123Q+{}N{ow}
53%
114Q+{}J{ust}
46%
316P+{}K{osovo}
44%
157Q{}K{rypton}
44%
353P{}I{ts}
39%
135Q+{To}k{yo}
36%
166Q{}C{yprus}
34%
255P+{Qu}i{to}
34%
263P+{W}a{y}
32%
3610O+{}D{ysprosium}
29%
296P+{Tuv}a{lu}
29%
196P+{Turk}e{y}
27%
287P+{Urugu}a{y}
27%
184P+{}M{ost}
25%
87R{Yttr}i{um}
25%
174P+{Wor}k{}
24%
244P+{On}l{y}
20%
205P+{Tun}i{s}
17%
346P{Norw}a{y}
15%
3312P+{Y}a{moussoukro}
12%
306P+{Sul}f{ur}
10%
229P+{Stront}i{um}
5%
329P+{Port Lou}i{s}
2%

Score Distribution

Percentile by Number Answered

Percent of People with Each Score

Your Score History

You have not taken this quiz